Agenda de transformación fiscal para el desarrollo /
Salvato in:
| Autore principale: | |
|---|---|
| Altri autori: | , , , , , |
| Natura: | testo |
| Soggetti: | |
| Tags: |
Aggiungi Tag
Nessun Tag, puoi essere il primo ad aggiungerne!!
|
MARC
| LEADER | 00000 a a2200000 04500 | ||
|---|---|---|---|
| 001 | 16806 | ||
| 003 | |||
| 040 | |||
| 100 | |a Dent, Alberto | ||
| 245 | |a Agenda de transformación fiscal para el desarrollo / |c Alberto Dent ; Leonel Baruch ; Francisco de Paula Gutiérrez ; Bernal Jiménez Monge ; Rodolfo Mendez Mata ; Thelmo Vargas Madrigal ; Federico Vargas Peralta | ||
| 500 | |a Don Oscar Barahona Streber formó parte del grupo pero optó por producir un informe propio | ||
| 650 | |a INGRESOS FISCALES | ||
| 650 | |a DEFICIT | ||
| 650 | |a SECTOR PUBLICO | ||
| 650 | |a ADMINISTRACION PUBLICA | ||
| 650 | |a GASTOS PUBLICOS | ||
| 650 | |a DEUDA PUBLICA | ||
| 650 | |a RECOMENDACIONES | ||
| 650 | |a REFORMA TRIBUTARIA | ||
| 650 | |a SECTOR PUBLICO | ||
| 650 | |a INGRESOS PUBLICOS | ||
| 650 | |a DEFICIT | ||
| 650 | |a PRESUPUESTO | ||
| 650 | |a GOBIERNO CENTRAL | ||
| 650 | |a DEUDA | ||
| 650 | |a INGRESOS FISCALES | ||
| 700 | |a Baruch, Leonel | ||
| 700 | |a Gutiérrez, Francisco de Paula | ||
| 700 | |a Jiménez Monge, Bernal | ||
| 700 | |a Mendez Mata, Rodolfo | ||
| 700 | |a Vargas Madrigal, Thelmo | ||
| 700 | |a Vargas Peralta, Federico | ||
| 773 | |g volumen 10, número 3; páginas 51-93 | ||
| 999 | |c 31852 |d 31852 | ||
